000 00658nam a2200193 i 4500
001 137522
003 ES-MaACL
005 20240513170003.0
007 t|
008 070214s1925 sp r ||||1| spa d
100 1 _aSánchez Cantón, Francisco Javier,
_d1891-1971
_9102521
245 1 3 _aLa librería de Velázquez /
_cFrancisco Javier Sánchez Cantón.
260 _aMadrid :
_b[s.n.],
_c1925 (
_fImp. y Librería de Hernando)
300 _a28 p. ;
_c27 cm.
500 _aSeparata de: Homenaje a Menéndez Pidal. Tomo III. 1925.
600 1 4 _aVelázquez, Diego,
_d1599-1660
_9113793
852 _aES-MaACL
_j1698-F-7
999 _c137522
_d137522